00255nam a2200109Ia 4500008004100000082000700041100001900048245002000067260001800087630002000105730002000125100328s9999 xx 000 0 und d b24 aBennett Arnold aThe Pretty Lady bCassell & Co. aThe Pretty Lady aThe Pretty Lady